LEADER 01082nam a2200277 i 4500 001 000000188495 003 CaOOAMICUS 005 20181219100936.0 008 150219s1960 it u000 u ita u 013 $a166680 040 $aSeMil$bita 100 1 $aBellini, Alberto .$0(OLS)http://semarc/name/3933 245 13$aIl movimento ecumenico /$cAlberto Bellini. 260 $aPadova ; Roma ; Napoli :$bPresbyterium,$c1960. 300 $a178 p. ;$c19 cm. 490 0 $aQuaderni del clero ;$v23.-24 500 $aFondo card. Giovanni Colombo. 650 4$aMovimento ecumenico - Storia.$0(OLS)http://semarc/subject/14509 830 0$aQuaderni del clero ;$v23.-24.$0(OLS)http://semarc/title/29870 850 $aSeMil 852 $aSeMil$W1$xVenegono$y1$m3GC VI 204$j139135$B139135$CSeMilBibl$Z2$F150739 $8B 941 1 $a3 961 $aLascito: Colombo Card. Giovanni 996 $6245$aIl movimento ecumenico$9(OLS)http://semarc/title/93934 996 $6260$aPadova ; Roma ; Napoli :$bPresbyterium$9(OLS)http://semarc/publisher/32936 LEADER 01046nam a2200229 i 4500 001 000000071313 003 CaOOAMICUS 005 20081118000000.0 008 081118s1913 it u000 u ita u 013 $a42485 040 $aSeMil$bita 100 1 $aHöffding, Harald <1843-1931>.$0(OLS)http://semarc/name/22248 245 10$aSaggio di una psicologia basata sull'esperienza /$cHarald Höffding ; traduzione di Francesco Galasso ; con prefazione di Silvestro Baglioni. 260 $aMilano :$bSocietà Editrice Libraria,$c1913. 300 $aX, 412 p. ;$c25 cm. 650 4$aPsicologia.$0(OLS)http://semarc/subject/1671 700 1 $aBaglioni, Silvestro.$0(OLS)http://semarc/name/35454 700 1 $aGalasso, Francesco.$0(OLS)http://semarc/name/35453 850 $aSeMil 852 $aSeMil$W1$xVenegono$y1$m2P IV 5$j37466$B37466$CSeMilBibl$Z2$F37469 $81 996 $6245$aSaggio di una psicologia basata sull'esperienza$9(OLS)http://semarc/title/114683 996 $6260$aMilano :$bSocietà Editrice Libraria$9(OLS)http://semarc/publisher/30111